| Tag |
First Indicator |
Second Indicator |
Subfields |
| LEADER |
00000cam a2200000 a 4500 |
| 001 |
in00001404586 |
| 005 |
20151020062025.0 |
| 008 |
971106s1997 ne a b 000 0 eng d |
| 020 |
|
|
|a 9054106654
|
| 035 |
|
|
|a (OCoLC)37901309
|
| 035 |
|
|
|9 AHP0546AM
|
| 040 |
|
|
|a IWA
|c IWA
|d AGL
|d TXA
|d UtOrBLW
|
| 049 |
|
|
|a TXAM
|
| 070 |
0 |
|
|a TD426.E43
|b 1997
|
| 072 |
|
0 |
|a W000
|a P200
|a X100
|
| 090 |
|
|
|a TC176
|b E44 1997
|
| 100 |
1 |
|
|a Elfeki, Amro M. M.
|
| 245 |
1 |
0 |
|a Groundwater contaminant transport :
|b impact of heterogenous characterization : a new view on dispersion /
|c Amro M.M. Elfeki, Gerard J.M. Uffink, Frans B.J. Barends.
|
| 264 |
|
1 |
|a Rotterdam ;
|a Brookfield, VT :
|b Balkema,
|c 1997.
|
| 300 |
|
|
|a xi, 300 pages :
|b illustrations ;
|c 26 cm.
|
| 336 |
|
|
|a text
|b txt
|2 rdacontent
|
| 337 |
|
|
|a unmediated
|b n
|2 rdamedia
|
| 338 |
|
|
|a volume
|b nc
|2 rdacarrier
|
| 500 |
|
|
|a Based on Amro Elfeki's thesis (D.Sc., Delft): Stochastic characterization of geological heterogeneity and its impact on groundwater contaminant transport.
|
| 504 |
|
|
|a Includes bibliographical references.
|
| 650 |
|
0 |
|a Groundwater flow
|x Mathematical models.
|
| 650 |
|
0 |
|a Groundwater
|x Pollution
|x Mathematical models.
|
| 650 |
|
0 |
|a Aquifers
|x Mathematical models.
|
| 700 |
1 |
|
|a Uffink, Gerardus Jacobus Maria.
|
| 700 |
1 |
|
|a Barends, F. B. J.
|
| 700 |
1 |
|
|a Elfeki, Amro M. M.
|t Stochastic characterization of geological heterogeneity and its impact on groundwater contaminant transport.
|
| 948 |
|
|
|a c:cer
|
| 999 |
|
|
|a MARS
|
| 999 |
f |
f |
|s 7dd1dd97-187c-3938-bf83-34026e7d7385
|i 5f362670-53af-3a1f-b301-798cc4e1a309
|t 0
|
| 952 |
f |
f |
|p ric
|a Texas A&M University
|b Rellis Campus
|c Joint Library Facility
|d Remote Storage
|t 0
|e TC176 E44 1997
|h Library of Congress classification
|i unmediated -- volume
|m A14822220461
|
| 998 |
f |
f |
|a TC176 E44 1997
|t 0
|l Remote Storage
|